In South America (Record n. 99065)

Dettagli MARC
000 -LEADER
fixed length control field 03185njm a2200541Ia 4500
001 - CONTROL NUMBER
control field 24658
003 - CONTROL NUMBER IDENTIFIER
control field IT-RoPAU
005 - DATE AND TIME OF LATEST TRANSACTION
control field 20220918181112.0
008 - FIXED-LENGTH DATA ELEMENTS--GENERAL INFORMATION
fixed length control field 131025s9999 xx 000 0 und d
040 ## - CATALOGING SOURCE
Original cataloging agency IT-RoPAU
040 ## - CATALOGING SOURCE
Transcribing agency IT-RoPAU
999 ## - SYSTEM CONTROL NUMBERS (KOHA)
Koha Dewey Subclass [OBSOLETE] n.d.
100 ## - MAIN ENTRY--PERSONAL NAME
Personal name AA.VV.
9 (RLIN) 794
100 ## - MAIN ENTRY--PERSONAL NAME
Relator term Autore musica
9 (RLIN) 11394
100 ## - MAIN ENTRY--PERSONAL NAME
Miscellaneous information Codice autore musica SPICS: 12000
9 (RLIN) 796
245 ## - TITLE STATEMENT
Title In South America
250 ## - EDITION STATEMENT
Edition statement 1a ed.
260 ## - PUBLICATION, DISTRIBUTION, ETC. (IMPRINT)
Place of publication, distribution, etc. ITALIA
260 ## - PUBLICATION, DISTRIBUTION, ETC. (IMPRINT)
Name of publisher, distributor, etc. POLYDOR
Date of publication, distribution, etc. 1974 [1a Ed.:1974]
300 ## - PHYSICAL DESCRIPTION
Extent DISCO
300 ## - PHYSICAL DESCRIPTION
Dimensions 36 minuti (Testo: pag.)
500 ## - GENERAL NOTE
General note Musica strumentale. Arrangiamento di brani sudamericani
505 ## - FORMATTED CONTENTS NOTE
Formatted contents note Tico tico (4:00) - Malaguena (3:00) Tequila (5:00) - Papa Loves Mambo - Oh, Lonesome me - Brazil (3:00) - Perfidia (3:00) - Guantanamera (4:00) - Manha de carnaval (2:00) - Ole! O' cangaceiro (4:00) - The Wedding Samba (5:00) - El combanchero - La pachanga - Happy Brasilia (4:00) - La bamba (2:00) - La paloma (4:00)
650 ## - SUBJECT ADDED ENTRY--TOPICAL TERM
Topical term or geographic name as entry element ARRANGIAMENTO [DISCHI]
Relator term Codice MATERIA SPICS: 9950
9 (RLIN) 11395
700 ## - ADDED ENTRY--PERSONAL NAME
Personal name Last James
Relator term Interprete
Miscellaneous information Codice interprete SPICS: 10976
9 (RLIN) 11396
700 ## - ADDED ENTRY--PERSONAL NAME
Personal name Last James
Miscellaneous information Codice autore SPICS: 10976
Relator term Autore
9 (RLIN) 9404
700 ## - ADDED ENTRY--PERSONAL NAME
Personal name Abreu Zequinha
Miscellaneous information Codice autore musica SPICS: 14497
Relator term Autore musica
Name of part/section of a work Tico tico
9 (RLIN) 11397
700 ## - ADDED ENTRY--PERSONAL NAME
Personal name Lecuona M.
Miscellaneous information Codice autore musica SPICS: 14010
Relator term Autore musica
Name of part/section of a work Malaguena
9 (RLIN) 11398
700 ## - ADDED ENTRY--PERSONAL NAME
Personal name Rio Chuck
Miscellaneous information Codice autore musica SPICS: 15714
Relator term Autore musica
Name of part/section of a work Tequila
9 (RLIN) 11399
700 ## - ADDED ENTRY--PERSONAL NAME
Personal name Salvet
Miscellaneous information Codice autore SPICS: 15715
Relator term Autore
Name of part/section of a work Tequila
9 (RLIN) 11400
700 ## - ADDED ENTRY--PERSONAL NAME
Personal name Rotter F.
Miscellaneous information Codice autore musica SPICS: 15716
Relator term Autore musica
Name of part/section of a work Papa Loves Mambo
9 (RLIN) 11401
700 ## - ADDED ENTRY--PERSONAL NAME
Personal name Reichner
Miscellaneous information Codice autore SPICS: 22705
Relator term Autore
Name of part/section of a work Papa Loves Mambo
9 (RLIN) 11402
700 ## - ADDED ENTRY--PERSONAL NAME
Personal name Hoffman
Miscellaneous information Codice autore musica SPICS: 27344
Relator term Autore musica
Name of part/section of a work Papa Loves Mambo
9 (RLIN) 11403
700 ## - ADDED ENTRY--PERSONAL NAME
Personal name Don Gibson
Miscellaneous information Codice autore musica SPICS: 15718
Relator term Autore musica
Name of part/section of a work Oh, Lonesome me
9 (RLIN) 11404
700 ## - ADDED ENTRY--PERSONAL NAME
Personal name Siegel R.M.
Miscellaneous information Codice autore musica SPICS: 14420
Relator term Autore musica
Name of part/section of a work Oh, Lonesome me - The Wedding Samba - El combanchero
9 (RLIN) 11405
700 ## - ADDED ENTRY--PERSONAL NAME
Personal name Lacalle J.M.
Miscellaneous information Codice autore musica SPICS: 14498
Relator term Autore musica
Name of part/section of a work Brazil
9 (RLIN) 11406
700 ## - ADDED ENTRY--PERSONAL NAME
Personal name Dominiguez
Miscellaneous information Codice autore musica SPICS: 15719
Relator term Autore musica
Name of part/section of a work Perfidia
9 (RLIN) 11407
700 ## - ADDED ENTRY--PERSONAL NAME
Personal name Anonimo
Miscellaneous information Codice autore musica SPICS: 2620
Relator term Autore musica
Name of part/section of a work Guantanamera - La bamba - La paloma
9 (RLIN) 11408
700 ## - ADDED ENTRY--PERSONAL NAME
Personal name Bonfa
Miscellaneous information Codice autore musica SPICS: 13934
Relator term Autore musica
Name of part/section of a work Manha de carnaval
9 (RLIN) 11409
700 ## - ADDED ENTRY--PERSONAL NAME
Personal name Nascimento Milton
Miscellaneous information Codice autore musica SPICS: 15502
Relator term Autore musica
Name of part/section of a work Ole! O' cangaceiro
9 (RLIN) 11410
700 ## - ADDED ENTRY--PERSONAL NAME
Personal name Ellstein
Miscellaneous information Codice autore musica SPICS: 15720
Relator term Autore musica
Name of part/section of a work The Wedding Samba
9 (RLIN) 11411
700 ## - ADDED ENTRY--PERSONAL NAME
Personal name Leibowitz
Miscellaneous information Codice autore testo/musica SPICS: 27523
Relator term Autore musica
Name of part/section of a work The Wedding Samba
9 (RLIN) 11412
700 ## - ADDED ENTRY--PERSONAL NAME
Personal name Hernandez Rafael
Miscellaneous information Codice autore SPICS: 14367
Relator term Autore
Name of part/section of a work El combanchero
9 (RLIN) 11413
700 ## - ADDED ENTRY--PERSONAL NAME
Personal name Marbot Bernard
Miscellaneous information Codice autore musica SPICS: 25930
Relator term Autore musica
Name of part/section of a work El combanchero
9 (RLIN) 11414
700 ## - ADDED ENTRY--PERSONAL NAME
Personal name Davidson
Miscellaneous information Codice autore musica SPICS: 15721
Relator term Autore musica
Name of part/section of a work La pachanga
9 (RLIN) 11415
700 ## - ADDED ENTRY--PERSONAL NAME
Personal name Bartels
Miscellaneous information Codice autore SPICS: 15722
Relator term Autore
Name of part/section of a work La pachanga
9 (RLIN) 11416
942 ## - ADDED ENTRY ELEMENTS (KOHA)
Koha item type DISCHI
Source of classification or shelving scheme Dewey Decimal Classification
Dati di copia
Withdrawn status Lost status Damaged status Not for loan Home library Current library Date acquired Total Checkouts Full call number Date last seen Price effective from Koha item type Public note
    Buone Condizioni Not For Loan SPICS-MEDIATECA SPICS-MEDIATECA 25/10/2013   24658 25/10/2013 25/10/2013 DISCHI Progr. Ins.: 5353 / N.Vol.: 1 / Copie: 1 - Copia rara: n.d. / date import: 01.01.2014 - By Epidotti, Trombetti, Vaglietti
CREDITS: SOCIETA' SAN PAOLO Via A.Severo, 58 - ROMA (RM) & PERIODICI SAN PAOLO SRL Via Giotto, 36 MILANO & CISF Via Giotto, 36 MILANO & EDIZIONI SAN PAOLO SRL,  Piazza Soncino, 5 CINISELLO BALSAMO (MI) -- ITALY